000 00218nam a22000857a 4500
008 170603b xxu||||| |||| 00| 0 eng d
100 _93254
_aFusion Books
245 _aChildren Jokes
260 _aNew Delhi
_bFusion Books
_c2003
999 _c6568
_d6568